000 00834nam a2200229 a 4500
001 39636
003 BD-RjUL
005 20211209053030.0
008 160413s2014 bg ||||| |||| 00| 0 ben d
020 _a9847000002228
_c: TK.625.00
035 _a(BD-RjUL) 39749
040 _aBD-RjUL
_bben
_cBD-RjUL
041 _aben
082 _223
_a641.5
_bNIN 2014
100 _aনীলা, জুনেদা বেগম
_9122072
245 1 0 _aনীলার রান্নাঘর-২ /
_cজুনেদা বেগম নীলা
260 _aঢাকা :
_bজাতীয় সাহিত্য প্রকাশ,
_c২০১৪
300 _a১৬০ পৃ. :
_bচিত্র ;
_c২৫ সেমি.
650 _aরান্না-বান্না
_9130863
650 _aCooking
_9117668
942 _2ddc
_cBK
999 _c39636
_d39636